| 000 | 01008nam a2200241 i 4500 | ||
|---|---|---|---|
| 001 | 16452 | ||
| 003 | ES-MaACL | ||
| 007 | t| | ||
| 008 | 000922s1970 sp ||||1| spa d | ||
| 080 | _a73.023.3:061.43(464.1 M.)"1970" | ||
| 111 | 2 |
_aExposición Internacional del Pequeño Bronce Escultores Europeos ( _n3º. _d1970. _cMadrid) _9699 |
|
| 245 | 1 | 0 |
_aIII Exposición Internacional del Pequeño Bronce Escultores Europeos _b: [Museo Español de Arte Contemporáneo]. |
| 260 |
_aMadrid : _b[Comisaría General de Exposiciones], _c1970. |
||
| 300 |
_a64 p. : _bil. ; _c25 cm. |
||
| 490 | 1 | _aPublicaciones de la Comisaría General de Exposiciones | |
| 650 | 1 | 4 |
_aEscultura en bronce- _vExposiciones. _912434 |
| 655 | 7 |
_2tgfbne _9193628 _aCatálogos de exposiciones |
|
| 710 | 1 |
_aEspaña. _bComisaría General de Exposiciones _93633 |
|
| 830 | 0 |
_aPublicaciones de la Comisaría General de Exposiciones _9226695 |
|
| 852 |
_aES-MaACL _jG-2204 _bR.123388 |
||
| 942 | _2udc | ||
| 999 |
_c16452 _d16452 |
||